Black presidential politics in America : a strategic approach /

Bibliographic Details
Main Author: Walters, Ronald W.
Format: Book
Language:English
Published: Albany, N.Y. : State University of New York Press, [1988]
Series:SUNY series in Afro-American studies.
Subjects:

MARC

Tag First Indicator Second Indicator Subfields
LEADER 00000cam a2200000 a 4500
001 in00000019193
005 20151007054207.0
008 861212s1988 nyua b s00110 eng
010 |a  86030160  
020 |a 0887065465 
020 |a 0887065473 (pbk.) 
035 |a (OCoLC)15054014 
035 |9 AAB4279AM 
040 |a DLC  |c DLC  |d TXA  |d UtOrBLW 
043 |a n-us--- 
049 |a TXAM  |c [A11086969] 
050 0 0 |a JK1924  |b .W34 1988 
082 0 |a 324.6/2/08996073  |2 19 
100 1 |a Walters, Ronald W. 
245 1 0 |a Black presidential politics in America :  |b a strategic approach /  |c Ronald W. Walters. 
264 1 |a Albany, N.Y. :  |b State University of New York Press,  |c [1988] 
264 4 |c ©1988 
300 |a xvii, 255 pages :  |b illustrations ;  |c 24 cm. 
336 |a text  |b txt  |2 rdacontent 
337 |a unmediated  |b n  |2 rdamedia 
338 |a volume  |b nc  |2 rdacarrier 
490 1 |a SUNY series in Afro-American studies 
504 |a Bibliography: pages [243]-245. 
500 |a Includes index. 
650 0 |a African Americans  |x Suffrage  |x History. 
650 0 |a Presidents  |z United States  |x Election  |x History. 
830 0 |a SUNY series in Afro-American studies. 
999 |a MARS 
999 f f |s 67077640-5399-3255-9013-181fc82b7bcd  |i b2dabb36-f773-3286-ba56-7fc356d0124c  |t 0 
952 f f |p ric  |a Texas A&M University  |b Rellis Campus  |c Joint Library Facility  |d Remote Storage  |t 0  |e JK1924 .W34 1988  |h Library of Congress classification  |i unmediated -- volume  |m A14811086969 
998 f f |a JK1924 .W34 1988  |t 0  |l Remote Storage